| 000 | 00918nam a22001337a 4500 | ||
|---|---|---|---|
| 040 | _cRUA | ||
| 082 | _aAED EAN 2011 B254 Or.1 | ||
| 100 | _aEANG CHANTHA ; អ៊ាង ចន្ថា. | ||
| 245 | _aThe study on the household livelihood of self-help group of padek programe in krang svay commune, preah sdach district, preyveng province, ការសិក្សាអំពីកម្រិតជីវភាពប្រជាជនសមាជិកក្រុមជួយខ្លួនឯងតាមរយៈកម្មវិធីរបស់អង្គការប៉ាដិក ក្នុងឃុំ ក្រំាងស្វាយ ស្រុកព្រះស្ដេច ខេត្តព្រៃវែង. | ||
| 260 |
_aPhnom Penh _bRUA _c2011 |
||
| 300 |
_ax ;56p. _bill. _c29cm. |
||
| 856 | _uhttps://drive.google.com/file/d/19GAFOgV6m8Jonx7vrYf5F1wdWjA61bn0/view?usp=sharing | ||
| 942 | _cAED | ||
| 999 |
_c5016 _d5016 |
||